Welcome to the Holygrace Academy Library

Please use search bar below to get started

THRISHNA'S PHYSICS FOR CLASS X (Record no. 773)

MARC details
000 -LEADER
fixed length control field 00380nam a22001337a 4500
020 ## - INTERNATIONAL STANDARD BOOK NUMBER
ISBN 978-81-317-2843-7
082 ## - DEWEY DECIMAL CLASSIFICATION NUMBER
Classification number 530
Item number TRI/D
100 ## - MAIN ENTRY--AUTHOR NAME
Personal name TRISHNA KNOWLEDGE SYSYTEMS
245 ## - TITLE STATEMENT
Title THRISHNA'S PHYSICS FOR CLASS X
Remainder of title THE IIT FOUNDATION SERIES
260 ## - PUBLICATION, DISTRIBUTION, ETC. (IMPRINT)
Place of publication DELHI
Name of publisher PEARSON EDUCATION
Year of publication 2009
300 ## - PHYSICAL DESCRIPTION
Number of Pages 577
650 ## - SUBJECT ADDED ENTRY--TOPICAL TERM
Topical Term PHYSICS IIT FOUNDATION SERIES FOR CLASS X
Geographic subdivision INDIA
942 ## - ADDED ENTRY ELEMENTS (KOHA)
Koha item type Books
Holdings
Withdrawn status Lost status Collection code Home library Current library Shelving location Date acquired Source of acquisition Full call number Accession Number Koha item type
    Reference Main Library Main Library SHELF-8 C CLASS X- PHYSICS&CHEMISTRY 15/05/2014 purchase 530 TRI/D 08821 Books
    Reference Main Library Main Library SHELF-8 C CLASS X- PHYSICS&CHEMISTRY 17/05/2014 purchase 530 TRI/D 08828 Books
    Reference Main Library Main Library SHELF-8 C CLASS X- PHYSICS&CHEMISTRY 17/05/2014 purchase 530 TRI/D 08827 Books
    Reference Main Library Main Library SHELF-8 C CLASS X- PHYSICS&CHEMISTRY 15/05/2014 purchase 530 TRI/D 08826 Books
    Reference Main Library Main Library SHELF-8 C CLASS X- PHYSICS&CHEMISTRY 15/05/2014 purchase 530 TRI/D 08823 Books
    Reference Main Library Main Library SHELF-8 C CLASS X- PHYSICS&CHEMISTRY 15/05/2014 purchase 530 TRI/D 08822 Books
    Reference Main Library Main Library SHELF-8 C CLASS X- PHYSICS&CHEMISTRY 21/05/2019 purchase 530 TRI/D 11136 Books